Суспільно-політичний розвиток дворянських родин Північно-Східної Угорщини у 1526–1657 рр. (Запис № 460711)

МАРК-запис
000 -Лідер
fixed length control field 03639nam a22002657a 4500
001 - Контрольний номер
control field 216218809
003 - Ідентифікатор контрольного номера
control field UA-OsUOA
005 - Дата та час останнього входження (трансакції)
control field 20201229194256.0
008 - Елементи даних фіксованої довжини – загальна інформація
fixed length control field 200713b un ||||| m||| 00| 0 ukr d
040 ## - Джерело каталогізації
Агенція оригінальної каталогізації UA-OsUOA
Мова каталогізації ukr
Агенція, яка здійснювала перезапис UA-OsUOA
Агенція, яка здійснювала модифікацію UA-OsUOA
041 ## - Код мови
Код мови тексту/ звукової доріжки чи окремого заголовка (П) ukr
080 ## - Індекс Універсальної десяткової класифікації
Індекс Універсальної десяткової класифікації (УДК) (НП) 97(439)-058.222"1526/1657"
090 ## - Локальний шифр розміщення
Класифікаційний індекс УДК 97(439)-058.222"1526/1657"
095 ## - Код спеціальності для авторефератів
Код спеціальності 07.00.02
Назва спеціальності всесвітня історія
100 ## - Основне введення – ім’я особи
Ім’я особи (НП) Зубанич Л. Л.
245 ## - Відомості про назву
Назва (НП) Суспільно-політичний розвиток дворянських родин Північно-Східної Угорщини у 1526–1657 рр.
Дані про відповідальність (НП) Зубанич Ласлов Ласлович ; наук. керівник Кіш Єва Бернатівна
260 ## - Публікація, розповсюдження і т.п. (Вихідні дані)
Місце публікації, розповсюдження і т.п. (П) Ужгород
Дата публікації, розповсюдження і т.п. (П) 2016
300 ## - Фізичний опис
Обсяг 21 с.
502 ## - Примітка про дисертацію
Зв'язок Автореферат дисертації на здобуття наукового ступеня кандидата історичних наук<br/>
Наймення інституції, що представляється ДВНЗ "Ужгородський національний університет"
Рік отримання вченого ступеня 2016
520 ## - Резюме і т.п.
Резюме, реферат, анотація, тощо (НП) У дисертації на основі дослідження архівних, опублікованих та неопублікованих документів, а також наукової літератури здійснено комплексний конкретно-історичний аналіз місця та ролі дворянських родин у суспільно-політичному, економічному та культурному процесах Північно-Східної Угорщини (комітати Унг, Берег, Угоча, Мараморош) протягом 1526–1657 років. З’ясовано, що чотири комітати Північно-Східної Угорщини протягом XVI-XVIІ століть в межах унітарної держави виконували перш за все оборонну функцію, захист державних кордонів з Польщею та Молдовою. <br/>Доведено, що дворянство Північно-Східної Угорщини завдяки своєму майновому стану, шляхом перерозподілу влади успішно викопувало цілий спектр завдань, з-поміж яких головними були: збереження цілісності держави та захист його кордонів через систему прикордонних замків, а також підтримка перших закладів освіти та культури у своїх маєтках. <br/>З’ясовано, що у XVI столітті з розвитком станової держави почався і розподіл державної влади, в якому важливу роль відігравали Державні Збори — єдиний законодавчий орган, представників якого обирали дворяни. У роботі дано характеристику видатним дворянським родинам Північно-Східної Угорщини в контексті їх участі у політичних, економічних та культурних процесах протягом 1526–1657 років.
650 ## - Додаткове предметне введення – тематичний термін
Джерело заголовка чи терміна UDC
Тематичний термін чи географічна назва, як елемент введення (НП) 94 Історія
942 ## - Додаткові елементи входу (Коха)
Source of classification or shelving scheme Universal Decimal Classification
Тип елемента Koha Автореферат
955 ## - Код типу видання за змістом
Код типу видання за змістом (НП) Наукові видання

Немає доступних примірників.